|
|
|
|
| LEADER |
00000nam a2200000 a 4500 |
| 001 |
vtls008323142 |
| 003 |
SK-MaSNL |
| 005 |
20260302052007.0 |
| 008 |
201207s1959 xo ao p 001 0 slo |
| 015 |
|
|
|a SNBA1959/03-00512
|
| 035 |
|
|
|a SK01SNK19590015359
|
| 035 |
|
|
|a urn:nbn:sk:snk-am3ibrm
|
| 035 |
|
|
|a urn:nbn:sk:snk-am00e197
|
| 035 |
|
|
|a 94833F92-8EE6-48C3-B151-67A1142709F8
|
| 035 |
|
|
|a SKM000017822
|
| 040 |
|
|
|a SNK
|b slo
|c SNK
|e AACR2
|
| 041 |
1 |
|
|a slo
|h cze
|
| 044 |
|
|
|a xo
|c SK
|
| 080 |
|
|
|a 372.853(075.2)
|2 1981
|
| 240 |
1 |
0 |
|a Fysika pro 8. postup. roč.
|l Slovensky
|
| 245 |
1 |
0 |
|a Fyzika pre 8. ročník všeobecnovzdelávacích škôl
|c autori: Alois Hlavička, Václav Vlček, Miroslav Voráček za red. Jozefa Fuka ; orig.: Fysika pro 8. postup. roč. prel. Mária Kunzlová
|
| 250 |
|
|
|a 3. vyd.
|
| 260 |
|
|
|a Bratislava
|b Slovenské pedagogické nakladateľstvo
|c 1959
|e Bratislava
|f Pravda
|
| 300 |
|
|
|a 177, [6] s., [15] obr. príl.
|b fotografie, ilustrácie, tabuľky
|c 8°
|
| 366 |
|
|
|e 38100 kusov
|
| 504 |
|
|
|a Register
|
| 650 |
0 |
7 |
|a fyzika
|2 SNKPH
|9 816
|
| 655 |
|
7 |
|a učebnice
|2 SNKPH
|9 22521
|
| 655 |
|
7 |
|a učebnice základných škôl
|2 SNKPH
|9 70187
|
| 700 |
1 |
|
|a Hlavička, Alois,
|d 1911-
|4 aut
|9 191109
|
| 700 |
1 |
|
|a Vlček, Václav
|4 aut
|9 308582
|
| 700 |
1 |
|
|a Voráček, Miroslav,
|d 1912-
|4 aut
|9 61128
|
| 700 |
1 |
|
|a Fuka, Josef,
|d 1907-1992
|4 com
|9 122871
|
| 700 |
1 |
|
|a Kunzlová, Mária
|4 trl
|9 308583
|
| 852 |
|
|
|a Slovenská národná knižnica
|
| 954 |
|
|
|a odborná, vedecká literatúra cudzojazyčná (svetová)
|2 lita
|
| 958 |
|
|
|a TL
|
| 958 |
|
|
|a UC
|
| 958 |
|
|
|a RK
|
| 958 |
|
|
|a CZ
|
| 958 |
|
|
|a OP
|
| 958 |
|
|
|a NB
|
| 958 |
|
|
|a OND
|
| 999 |
|
|
|c 1103349
|d 1105279
|
| 952 |
|
|
|a SNK
|b SNK
|y PREZ
|7 0
|p 17A0831682
|o snkSC 12867
|i snkKSP 1071/59
|0 0
|1 0
|4 0
|d 2020-01-22
|f 1
|l 0
|r 2025-07-16 00:00:00
|w 2026-02-24
|